| 000 | 00614nam a22001937a 4500 | ||
|---|---|---|---|
| 999 |
_c181497 _d181497 |
||
| 005 | 20220113141548.0 | ||
| 010 | _aENG-129934 | ||
| 020 |
_a978-81-217-0209-6 _c650.00 |
||
| 035 | _aEN-113466 | ||
| 037 | _bDBAD/PUB | ||
| 082 | _a158.128 | ||
| 100 | _aSHARMA, S.K. | ||
| 245 |
_aHEALTH AND MEDITATION: _cS.K. SHARMA |
||
| 260 |
_bBHARATIYA VIDYA PRAKASHAN _aIndIa _c2018 |
||
| 270 |
_bVARANASI _e221005 _aII Floor, Dharamsangh Bhawan, Durgakund Road, _mbvpbooks@gmail.com _k0542-2310500 |
||
| 300 |
_avii;336p. _c22cm(hbk) |
||
| 500 | _aincludes Bibliography | ||
| 942 |
_2ddc _cEN _h150.128 _mSHA |
||